La biblioteca, un centro-clave de documentación escolar: organización, dinamización y recursos (Registro nro. 2252)
[ vista simple ]
| 000 -CABECERA | |
|---|---|
| campo de control de longitud fija | 01071aam a2200313 4500 |
| 005 - FECHA Y HORA DE ACTUALIZACIÓN | |
| campo de control | 20161214115405.0 |
| 008 - LONGITUD FIJA | |
| campo de control de longitud fija | 150525b xxu||||| |||| 00| 0 spa d |
| 041 ## - IDIOMA | |
| Código de idioma del texto/pista de sonido o título separado | |
| 082 ## - CLASIFICACIÓN DECIMAL DEWEY | |
| Número de clasificación | 027.8 V184b2 |
| Número de documento/Ítem | |
| 100 ## - AUTOR PERSONAL | |
| Nombre de persona | Valverde Ogallar, Pedro |
| 100 ## - AUTOR PERSONAL | |
| Nombre de persona | Carrasco García, Eugenio |
| 100 ## - AUTOR PERSONAL | |
| Nombre de persona | Muñóz Aguirre, Juan Manuel |
| 245 ## - TÍTULO PROPIAMENTE DICHO | |
| Título | La biblioteca, un centro-clave de documentación escolar: organización, dinamización y recursos |
| 250 ## - EDICIÓN | |
| Mención de edición | 2 edición |
| 260 ## - PIE DE IMPRENTA | |
| Lugar de publicación, distribución, etc. | España |
| Nombre del editor, distribuidor, etc. | Narcea |
| Fecha de publicación, distribución, etc. | 2000 |
| 300 ## - DESCRIPCIÓN FÍSICA | |
| Extensión | 276 páginas |
| 650 ## - Materia General | |
| Materia general | BIBLIOTECAS ESCOLARES |
| 650 ## - Materia General | |
| Materia general | SELECCIÓN DE LIBROS |
| 650 ## - Materia General | |
| Materia general | ADQUISICIÓN DE DOCUMENTOS |
| 650 ## - Materia General | |
| Materia general | LITERATURA INFANTIL |
| 650 ## - Materia General | |
| Materia general | RECURSOS INFORMÁTICOS |
| 650 ## - Materia General | |
| Materia general | GESTIÓN |
| 650 ## - Materia General | |
| Materia general | SERVICIOS DE INFORMACIÓN |
| 650 ## - Materia General | |
| Materia general | FORMACIÓN DE USUARIOS |
| 650 ## - Materia General | |
| Materia general | ORGANIZACIÓN DE RECURSOS |
| 650 ## - Materia General | |
| Materia general | ORGANIZACIÓN DE LAS COLECCIONES |
| 650 ## - Materia General | |
| Materia general | ACTIVIDADES CULTURALES |
| 942 ## - Punto de Acceso Adicional Koha | |
| Tipo de ítem Koha | Libro |
| Estado perdido | Estado dañado | No para préstamo | Biblioteca permanente | Biblioteca actual | Signatura completa | Código de barras | Precio efectivo a partir del | Tipo de ítem |
|---|---|---|---|---|---|---|---|---|
| Departamento de Biblioteca y Documentación Alfonso Chase Brenes | Departamento de Biblioteca y Documentación Alfonso Chase Brenes | 027.8 V184b2 | 15165 | 08/09/2016 | Libro |